Which Letter is Silent? Quiz Stats

Quiz Updated Oct 10, 2013

Also try: Silent Letters A-Z
Challenge
Share
Tweet
Embed
Score 0/40 Timer 02:00
1 Play Today
Word Silent Letter % Correct
island???
79.6%
answering???
79.4%
slipknot???
79.1%
chord???
79%
knavery???
78.9%
gnarly???
78.8%
fondue???
78.2%
design???
78%
thumbprint???
78%
wrench???
77.9%
khaki???
77.6%
debris???
77.3%
condemn???
77.1%
bread???
76.9%
doubtful???
76.7%
honesty???
76.6%
debut???
76.5%
indebted???
76.1%
solemn???
76%
psoriasis???
75.8%
Word Silent Letter % Correct
behalf???
75.5%
jeopardy???
75.3%
pterodactyl???
75.1%
wrongful???
75%
escargot???
74.5%
glisten???
74.4%
handwriting???
73.8%
aplomb???
73.5%
hymns???
73.5%
rhododendron???
73.4%
mnemonic???
72.4%
guilt???
71.9%
diaphragm???
70.1%
snooze???
69.1%
building???
69%
friendship???
66.9%
phlegm???
66.3%
apropos???
65.1%
indictment???
63%
viscount???
42.7%

You're not logged in!

Compare scores with friends on all Sporcle quizzes.
Sign Up with Email
OR
Log In

You Might Also Like...

Show Comments

Extras

Top Quizzes Today


Score Distribution

Your Account Isn't Verified!

In order to create a playlist on Sporcle, you need to verify the email address you used during registration. Go to your Sporcle Settings to finish the process.

Report this User

Report this user for behavior that violates our Community Guidelines.

Details: